Are Those Really Synonyms: 'Throw' Quiz Stats

 Plays Quiz Updated Jun 3, 2019

Score 0/20 Timer 05:00
25 Plays Today
% Correct
Loft
92.9%
Bowl
92.8%
Fire
92.7%
Cast
92.5%
Fling
92.4%
Dash
92.3%
Catapult
92.2%
Peg
91.1%
Sling
90.5%
Pelt
89.9%
% Correct
Chuck
88.8%
Pass
86.4%
Heave
84.9%
Project
84.2%
Pitch
81.1%
Lob
79.5%
Flip
78.4%
Launch
73.1%
Hurtle
69.1%
Toss
62.6%

You're not logged in!

Compare scores with friends on all Sporcle quizzes.
OR
Log In

Show Comments

Extras

Top Quizzes Today


Score Distribution

Your Account Isn't Verified!

In order to create a playlist on Sporcle, you need to verify the email address you used during registration. Go to your Sporcle Settings to finish the process.

Report this User

Report this user for behavior that violates our Community Guidelines.

Details: